Procesná analýza nákladov a rentability ako nástroj conrtollingu

Procesná analýza ako jeden z nástrojov controllingu. Riadenie činností a procesov v organizácii: funkčný a procesný prístup. Využitie procesnej analýzy v praxi a procesná analýza nákladovosti a rentability.

Gespeichert in:
Bibliographische Detailangaben
1. Verfasser: Dubcová, Gabriela, 1968-
Weitere Verfasser: Foltínová, Ľubica, 1975-
Format: Buchkapitel
Sprache:Slowakisch
Schlagworte:
Tags: Tag hinzufügen
Keine Tags, Fügen Sie das erste Tag hinzu!

MARC

LEADER 00000nla a2200000 4500
001 0240106
005 20240523120520.0
041 0 |a slo 
044 |a SK 
245 1 0 |a Procesná analýza nákladov a rentability ako nástroj conrtollingu  |c Gabriela Dubcová, Ľubica Foltínová 
520 |a Procesná analýza ako jeden z nástrojov controllingu. Riadenie činností a procesov v organizácii: funkčný a procesný prístup. Využitie procesnej analýzy v praxi a procesná analýza nákladovosti a rentability. 
610 2 0 |a kontrola 
610 2 0 |a analýza práce 
610 2 0 |a kontrola operatívna 
610 2 0 |a kontrola podniková 
610 2 0 |a riadenie procesné 
610 2 0 |a riadenie operatívne 
610 2 0 |a náklady 
610 2 0 |a rentabilita 
610 2 0 |a procesy rozhodovacie 
100 1 |a Dubcová, Gabriela, 1968- 
700 1 |a Foltínová, Ľubica, 1975-